000 00674nam a2200241Ia 4500
003 OSt
005 20220924130256.0
006 a|||||r|||| 00| 0
007 ta
008 220923b |||||||| |||| 00| 0 per d
024 _a326661
037 _cTextual
040 _aARTS
_cARTS
_bper
041 _2per
_aper
082 _aO164,1D36,1:g, L4
100 _aShirazi Abul Qasim Anjui Au.
245 0 _aMardum-o-Ferdowsi
260 _aTehran
_bRadio television milli Iran Iran
_c1974
300 _a337p.
_ccm.
650 _aPERSIAN POETRY
942 _hO164,1D36,1:g, L4
_cTEXL
_2CC
999 _c424389
_d424389